[Event "XXII OPEN INTERNACIONAL CIUTAT DE MONTCADA - Grup "]
[Site "Montcada i Reixac (Barcelona)"]
[Date "2014.06.28"]
[Round "4"]
[Board "1"]
[White "Gomez Garrido, Camilo Ernesto"]
[Black "Oganisian, Roman"]
[Result "1-0"]
[WhiteElo "2495"]
[BlackElo "2245"]
[PlyCount "61"]
[EventDate "2014.06.25"]
[EventRounds "9"]
[EventCountry "ESP"]

1. e4 c5 2. Nf3 d6 3. d4 cxd4 4. Nxd4 Nf6 5. Nc3 g6 6. Be3 Bg7 7. f3 O-O 8. Qd2
Nc6 9. Bc4 Bd7 10. h4 Na5 11. Bb3 Nxb3 12. axb3 h5 13. Bh6 Bxh6 14. Qxh6 b5 15.
g4 e6 16. O-O-O b4 17. Nce2 Qa5 18. Kb1 Rab8 19. gxh5 Qxh5 20. Qd2 Rb6 21. Rdg1
Qa5 22. h5 Ra6 23. c4 bxc3 24. Nxc3 e5 25. Nc2 d5 26. Qh6 Be8 27. hxg6 fxg6 28.
Rxg6+ Kf7 29. Qg7+ Ke6 30. exd5+ Kf5 31. Rg5+ 1-0

[Event "XXII OPEN INTERNACIONAL CIUTAT DE MONTCADA - Grup "]
[Site "Montcada i Reixac (Barcelona)"]
[Date "2014.06.28"]
[Round "4"]
[Board "3"]
[White "Cori, Jorge"]
[Black "Herraiz Hidalgo, Herminio"]
[Result "1/2-1/2"]
[WhiteElo "2608"]
[BlackElo "2446"]
[PlyCount "123"]
[EventDate "2014.06.25"]
[EventRounds "9"]
[EventCountry "ESP"]

1. d4 d5 2. Nf3 Nf6 3. c4 e6 4. Nc3 Be7 5. Bg5 O-O 6. e3 h6 7. Bh4 Ne4 8. Bxe7
Qxe7 9. cxd5 Nxc3 10. bxc3 exd5 11. Bd3 Bg4 12. Rb1 b6 13. h3 Bh5 14. O-O Nd7
15. Qa4 Qd6 16. Bf5 Rfd8 17. Rfd1 c6 {[%emt 0:00:08]} 18. Qc2 Nf8 19. g4 Bg6
20. Rbc1 Bxf5 21. gxf5 Qf6 22. Kh2 Ng6 23. fxg6 Qxf3 24. gxf7+ Qxf7 25. Rg1 Rd6
26. Rg2 Rf8 27. Rcg1 Rf6 28. f4 Re8 29. Rg3 Rfe6 30. Qf2 Kh8 31. f5 Rf6 32.
Rxg7 Qxg7 33. Rxg7 Kxg7 34. Qf4 Ref8 35. Qg4+ Kh7 36. e4 dxe4 37. Qxe4 Rxf5 38.
Qxc6 Kg7 39. h4 h5 40. Kg3 R8f6 41. Qb7+ Kh6 42. Qe4 a5 43. c4 Rg6+ 44. Kh3
Rff6 45. d5 Kg7 46. Qe2 Kh6 47. a4 Rf4 48. Qe3 Rgg4 49. Qxb6+ Kg7 50. Qc7+ Kg6
51. Qc6+ Kg7 52. Qb7+ Kg6 53. Qb1+ Kg7 54. Qe1 Rxc4 55. Qe5+ Kg6 56. Qe8+ Kg7
57. Qe7+ Kg6 58. Qe8+ Kg7 59. Qe7+ Kg6 60. Qe8+ Kg7 61. Qe5+ Kg6 62. Qe6+
 1/2-1/2

[Event "XXII OPEN INTERNACIONAL CIUTAT DE MONTCADA - Grup "]
[Site "Montcada i Reixac (Barcelona)"]
[Date "2014.06.28"]
[Round "4"]
[Board "4"]
[White "Naroditsky, Daniel"]
[Black "Ramirez Garcia, Jorge Alberto"]
[Result "1-0"]
[WhiteElo "2559"]
[BlackElo "2287"]
[PlyCount "50"]
[EventDate "2014.06.25"]
[EventRounds "9"]
[EventCountry "ESP"]

1. e4 e6 2. d3 c5 3. Nd2 Nc6 4. g3 g6 5. Bg2 Bg7 6. Ngf3 Nge7 7. O-O d6 8. h4
h6 9. c3 O-O 10. d4 e5 11. d5 Nb8 12. h5 Bg4 13. hxg6 Nxg6 14. Nc4 f5 15. exf5
Bxf5 16. Nh2 Nh8 17. f4 exf4 18. Bxf4 Nf7 19. Qh5 Bd3 20. Ne3 Nd7 21. Nf5 Nde5
22. Nxg7 Kxg7 23. Ng4 Bg6 24. Bxe5+ dxe5 25. Rxf7+ Kxf7 1-0

[Event "XXII OPEN INTERNACIONAL CIUTAT DE MONTCADA - Grup "]
[Site "Montcada i Reixac (Barcelona)"]
[Date "2014.06.28"]
[Round "4"]
[Board "5"]
[White "Teh, Eu Wen Aron"]
[Black "Cuartas, Jaime Alexander"]
[Result "0-1"]
[WhiteElo "2228"]
[BlackElo "2483"]
[PlyCount "58"]
[EventDate "2014.06.25"]
[EventRounds "9"]
[EventCountry "ESP"]

1. d4 d5 2. c4 e5 3. dxe5 d4 4. Nf3 Nc6 5. g3 Nge7 6. Bg2 Ng6 7. Bg5 Qd7 8. O-O
Ngxe5 9. Nbd2 Nxf3+ 10. Nxf3 Bc5 11. Ne1 Ne5 12. Bf4 Ng6 13. Nd3 Bd6 14. Bxd6
Qxd6 15. c5 Qf6 16. Nb4 O-O 17. Nd5 Qd8 18. c6 Rb8 19. Qd2 bxc6 20. Nb4 Bb7 21.
Rac1 Ne5 22. Rfd1 a5 23. Nxc6 Bxc6 24. Bxc6 Qf6 25. Bg2 d3 26. exd3 Rxb2 27.
Rc2 Rfb8 28. d4 Nc4 29. Qe2 Qxf2+ 0-1

[Event "XXII OPEN INTERNACIONAL CIUTAT DE MONTCADA - Grup "]
[Site "Montcada i Reixac (Barcelona)"]
[Date "2014.06.28"]
[Round "4"]
[Board "6"]
[White "Peralta, Fernando"]
[Black "Das, Sayantan"]
[Result "1/2-1/2"]
[WhiteElo "2596"]
[BlackElo "2352"]
[PlyCount "71"]
[EventDate "2014.06.25"]
[EventRounds "9"]
[EventCountry "ESP"]

1. d4 d5 2. c4 c6 3. Nf3 Nf6 4. Nc3 dxc4 5. a4 Bf5 6. e3 e6 7. Bxc4 Bb4 8. O-O
O-O 9. Qe2 Nbd7 10. e4 Bg6 11. Bd3 Bh5 12. e5 Nd5 13. Nxd5 cxd5 14. Qe3 Be7 15.
Ne1 Bg6 16. Bd2 Nb8 17. Bc3 Nc6 18. a5 a6 19. f4 Qd7 20. g4 f5 21. exf6 Rxf6
22. g5 Rff8 23. Bxg6 hxg6 24. Ng2 Bd6 25. Rae1 Rae8 26. Qh3 Rf5 27. Nh4 Ne7 28.
Qg4 Kf7 29. Re3 Rh8 30. Rd1 e5 31. dxe5 Bc5 32. Ng2 Bxe3+ 33. Nxe3 Qe6 34. Bd4
Rc8 35. b4 Rh8 36. Nc4 1/2-1/2

[Event "XXII OPEN INTERNACIONAL CIUTAT DE MONTCADA - Grup "]
[Site "Montcada i Reixac (Barcelona)"]
[Date "2014.06.28"]
[Round "4"]
[Board "7"]
[White "Zherebukh, Yaroslav"]
[Black "Sardana, Rishi"]
[Result "1-0"]
[WhiteElo "2618"]
[BlackElo "2316"]
[PlyCount "91"]
[EventDate "2014.06.25"]
[EventRounds "9"]
[EventCountry "ESP"]

1. d4 d5 2. c4 c6 3. Nf3 Nf6 4. Nc3 dxc4 5. a4 Bf5 6. Ne5 Nbd7 7. Nxc4 Nb6 8.
Ne5 a5 9. f3 Nfd7 10. Nxd7 Nxd7 11. e4 Bg6 12. Be3 Qb6 13. Qd3 e5 14. O-O-O
O-O-O 15. g3 exd4 16. Bxd4 Bc5 17. Bxg7 Rhg8 18. Bd4 Kb8 19. Kb1 Bxd4 20. Qxd4
Nc5 21. Qe5+ Ka7 22. Be2 Rge8 23. Qf6 Nb3 24. Rxd8 Rxd8 25. Rd1 Rxd1+ 26. Bxd1
Nd2+ 27. Ka2 Qb4 28. Qg5 Nc4 29. Bb3 f6 30. Qxf6 Nd2 31. Bg8 Bh5 32. g4 Be8 33.
Qd8 Nc4 34. Qd4+ Nb6 35. Qxb4 axb4 36. a5 Nd7 37. Nb1 Ne5 38. Nd2 h6 39. Be6
Ka6 40. f4 Ng6 41. f5 Ne5 42. f6 Bf7 43. Bxf7 Nxf7 44. Nf3 Kxa5 45. e5 Nd8 46.
g5 1-0

[Event "XXII OPEN INTERNACIONAL CIUTAT DE MONTCADA - Grup "]
[Site "Montcada i Reixac (Barcelona)"]
[Date "2014.06.28"]
[Round "4"]
[Board "8"]
[White "Sagar, Shah"]
[Black "Grigoryan, Karen H."]
[Result "0-1"]
[WhiteElo "2309"]
[BlackElo "2577"]
[PlyCount "138"]
[EventDate "2014.06.25"]
[EventRounds "9"]
[EventCountry "ESP"]

1. c4 Nf6 2. d4 g6 3. Nf3 Bg7 4. g3 O-O 5. Bg2 d6 6. Nc3 Nc6 7. O-O a6 8. Bf4
Rb8 9. Rc1 b5 10. Nd5 bxc4 11. Nxf6+ Bxf6 12. Rxc4 Na7 13. b3 Bb7 14. Qd2 Bd5
15. Ra4 Rb6 16. Rc1 Re8 17. e4 Bxe4 18. d5 Bxf3 19. Bxf3 e5 20. Be3 Nc8 21. Qc2
Bg5 22. Bxg5 Qxg5 23. Qxc7 Qe7 24. Be2 e4 25. Qxe7 Nxe7 26. Rxe4 Kf8 27. Bc4
Rc8 28. Rce1 Rc7 29. f4 a5 30. Kf2 Rbb7 31. Kf3 Rc5 32. Rd4 Nc8 33. Ba6 Rbc7
34. Bxc8 Rxc8 35. Red1 Rc2 36. R1d2 Rc1 37. Ke3 R8c3+ 38. R4d3 Rc7 39. Rd4
R7c3+ 40. R4d3 Rc7 41. Kf3 h5 42. f5 Rf1+ 43. Kg2 Rxf5 44. Rf3 Re5 45. h4 f5
46. Rfd3 Rc5 47. Kf3 Kf7 48. Rd4 Rb5 49. R2d3 Kf6 50. Rd2 Rc5 51. R4d3 Re4 52.
a3 Ke5 53. Rb2 Rxd5 54. Rxd5+ Kxd5 55. b4 axb4 56. axb4 Kc6 57. b5+ Kb6 58. Rd2
Re6 59. Rd5 Kc7 60. Rd4 Re5 61. b6+ Kc6 62. Rb4 Re7 63. Rb3 Rb7 64. Kf4 Rxb6
65. Rc3+ Kd7 66. Kg5 d5 67. Rd3 Rd6 68. Kf4 Ke6 69. Rd4 Rc6 0-1

[Event "XXII OPEN INTERNACIONAL CIUTAT DE MONTCADA - Grup "]
[Site "Montcada i Reixac (Barcelona)"]
[Date "2014.06.28"]
[Round "4"]
[Board "9"]
[White "Lorente Pupo, Ramon Miguel"]
[Black "Cruz, Cristhian"]
[Result "0-1"]
[WhiteElo "2277"]
[BlackElo "2563"]
[PlyCount "84"]
[EventDate "2014.06.25"]
[EventRounds "9"]
[EventCountry "ESP"]

1. Nf3 Nf6 2. c4 e6 3. Nc3 d5 4. d4 Be7 5. Bg5 O-O 6. Qc2 Nbd7 7. e3 h6 8. Bh4
a6 9. c5 c6 10. b4 a5 11. b5 e5 12. dxe5 Ne8 13. Bg3 Nxc5 14. Rd1 Nc7 15. bxc6
bxc6 16. Nd4 Bd7 17. Be2 N5a6 18. Nf5 Bb4 19. Nd6 Nb5 20. Bxb5 cxb5 21. O-O Qc7
22. Rd3 Qc6 23. Qb2 Nc5 24. Rd4 Bxc3 25. Qxc3 b4 26. Qd2 b3 27. Rc1 Rfb8 28.
Rxd5 Be6 29. e4 b2 30. Rdxc5 Qxc5 31. Rxc5 b1=Q+ 32. Rc1 Qxa2 33. Qe1 a4 34. f4
a3 35. f5 Bd7 36. Bf4 Qb2 37. Qg3 a2 38. f6 g6 39. Qh4 a1=Q 40. Qxh6 Qd4+ 41.
Kf1 Qa6+ 42. Ke1 Qg1+ 0-1

[Event "XXII OPEN INTERNACIONAL CIUTAT DE MONTCADA - Grup "]
[Site "Montcada i Reixac (Barcelona)"]
[Date "2014.06.28"]
[Round "4"]
[Board "10"]
[White "Garriga Cazorla, Pere"]
[Black "Movsziszian, Karen"]
[Result "0-1"]
[WhiteElo "2222"]
[BlackElo "2520"]
[PlyCount "82"]
[EventDate "2014.06.25"]
[EventRounds "9"]
[EventCountry "ESP"]

1. Nf3 g6 2. c4 Bg7 3. d4 d6 4. Nc3 Nd7 5. e4 e5 6. d5 a5 7. h3 Ne7 8. Be3 f5
9. g4 f4 10. Bd2 Nc5 11. Qc2 c6 12. Be2 O-O 13. O-O-O Bd7 14. Kb1 Qb8 15. Bc1
cxd5 16. exd5 Rc8 17. Ng5 b5 18. cxb5 Nf5 19. Qd2 Nd4 20. a4 Nxa4 21. Nxa4 Nxe2
22. Qxe2 Bxb5 23. Qe4 Rc4 24. Nc3 Rxe4 25. Ngxe4 Bc4 26. f3 a4 27. Ka1 Bf8 28.
Rh2 Be7 29. h4 h6 30. Nd2 Bb3 31. Re1 Bd8 32. Re4 Ba5 33. Ndb1 Bb4 34. Rhe2 Qb6
35. Na2 Bxa2 36. Kxa2 Qc5 37. Bd2 Qxd5+ 38. Ka1 Bc5 39. Nc3 Qb3 40. Bxf4 exf4
41. Re6 a3 0-1

[Event "XXII OPEN INTERNACIONAL CIUTAT DE MONTCADA - Grup "]
[Site "Montcada i Reixac (Barcelona)"]
[Date "2014.06.28"]
[Round "4"]
[Board "11"]
[White "Ghosh, Diptayan"]
[Black "Raghavi, N."]
[Result "1-0"]
[WhiteElo "2487"]
[BlackElo "2227"]
[PlyCount "125"]
[EventDate "2014.06.25"]
[EventRounds "9"]
[EventCountry "ESP"]

1. d4 Nf6 2. c4 e6 3. g3 Bb4+ 4. Bd2 a5 5. Bg2 O-O 6. Nf3 d6 7. O-O Bxd2 8.
Qxd2 Nbd7 9. Nc3 e5 10. Rfd1 Qe7 11. dxe5 dxe5 12. Nd5 Nxd5 13. cxd5 Nf6 14. d6
cxd6 15. Qxd6 Qxd6 16. Rxd6 Re8 17. Rc1 Be6 18. Nxe5 Bxa2 19. f4 Re7 20. Ra1
Be6 21. Rb6 h6 22. Rb5 a4 23. Bxb7 Rb8 24. Bc6 Rxb5 25. Bxb5 Rb7 26. Bd3 Rb4
27. Nc6 Rxb2 28. Rxa4 g6 29. Ra7 Ra2 30. Rxa2 Bxa2 31. Ne5 g5 32. fxg5 hxg5 33.
Nf3 g4 34. Ne5 Be6 35. Kf2 Kg7 36. Bc4 Bxc4 37. Nxc4 Ne4+ 38. Ke3 f5 39. Kf4
Kf6 40. Ne3 Nd6 41. Nd5+ Ke6 42. Nc3 Ne8 43. e4 fxe4 44. Nxe4 Kf7 45. Kxg4 Kg6
46. h4 Ng7 47. Kf4 Kh5 48. Nf6+ Kg6 49. Nd5 Kh5 50. Kf3 Kh6 51. g4 Ne6 52. Nf4
Nd8 53. g5+ Kg7 54. Kg4 Nf7 55. Ne6+ Kh7 56. h5 Nd6 57. Nd4 Ne8 58. g6+ Kg8 59.
h6 Kh8 60. Ne6 Nd6 61. Nf4 Kg8 62. Nd5 Kh8 63. g7+ 1-0

[Event "XXII OPEN INTERNACIONAL CIUTAT DE MONTCADA - Grup "]
[Site "Montcada i Reixac (Barcelona)"]
[Date "2014.06.28"]
[Round "4"]
[Board "12"]
[White "Cortes Orihuela, Javier"]
[Black "Arun Prasad, S."]
[Result "1/2-1/2"]
[WhiteElo "2155"]
[BlackElo "2472"]
[PlyCount "74"]
[EventDate "2014.06.25"]
[EventRounds "9"]
[EventCountry "ESP"]

1. d4 Nf6 2. c4 e6 3. g3 c5 4. d5 exd5 5. cxd5 d6 6. Nc3 g6 7. Bg2 Bg7 8. Nf3
O-O 9. O-O a6 10. a4 Nbd7 11. Nd2 Re8 12. Ra2 Rb8 13. a5 b5 14. axb6 Nxb6 15.
b3 Ng4 16. Bb2 f5 17. Qc2 Ne5 18. Nd1 Bd7 19. Ne3 Bb5 20. Re1 Qe7 21. Ba1 Ned7
22. Bxg7 Qxg7 23. Ndc4 Qf6 24. Na5 Rxe3 25. fxe3 Re8 26. Qc1 Ne5 27. Rc2 Ng4
28. Rc3 Qg5 29. Nc4 Bxc4 30. bxc4 Nxe3 31. Rf1 Qe7 32. Rf4 Qe5 33. Rf3 Nxg2 34.
Kxg2 Qxe2+ 35. Rf2 Qe4+ 36. Rff3 Qe2+ 37. Rf2 Qe4+ 1/2-1/2

[Event "XXII OPEN INTERNACIONAL CIUTAT DE MONTCADA - Grup "]
[Site "Montcada i Reixac (Barcelona)"]
[Date "2014.06.28"]
[Round "4"]
[Board "14"]
[White "Saez Coma, Alejandro"]
[Black "Cori T., Deysi"]
[Result "0-1"]
[WhiteElo "2097"]
[BlackElo "2414"]
[PlyCount "68"]
[EventDate "2014.06.25"]
[EventRounds "9"]
[EventCountry "ESP"]

1. Nf3 Nf6 2. c4 g6 3. g3 Bg7 4. Bg2 O-O 5. O-O d5 6. cxd5 Nxd5 7. Nc3 c5 8.
Nxd5 Qxd5 9. d3 Nc6 10. Nd2 Qh5 11. Re1 Bg4 12. Bxc6 bxc6 13. Nc4 Rfd8 14. Be3
Rd5 15. f3 Be6 16. Rf1 Rd7 17. Qc2 Bxc4 18. dxc4 Qe5 19. Kf2 Rad8 20. Rab1 h5
21. b3 Qe6 22. h4 Be5 23. f4 Bf6 24. Rbd1 Bd4 25. Bxd4 cxd4 26. Rd3 Qf5 27. Rd2
d3 28. Rxd3 Rxd3 29. exd3 Rxd3 30. Qe2 Qd7 31. Ke1 Rxg3 32. Rf3 Rg1+ 33. Rf1
Rg4 34. Qe5 f6 0-1

[Event "XXII OPEN INTERNACIONAL CIUTAT DE MONTCADA - Grup "]
[Site "Montcada i Reixac (Barcelona)"]
[Date "2014.06.28"]
[Round "4"]
[Board "15"]
[White "Cruz, Filemon"]
[Black "Amores Gago, Javier"]
[Result "1-0"]
[WhiteElo "2412"]
[BlackElo "2175"]
[PlyCount "77"]
[EventDate "2014.06.25"]
[EventRounds "9"]
[EventCountry "ESP"]

1. c4 e5 2. g3 d6 3. Nc3 f5 4. Bg2 Nf6 5. d3 Be7 6. e3 O-O 7. Nge2 Qe8 8. b4 a5
9. b5 Nbd7 10. O-O Nb6 11. a4 Ra7 12. Nd5 Nbxd5 13. cxd5 b6 14. f4 e4 15. Nd4
Kh8 16. Re1 Bd7 17. Bb2 Bd8 18. Qb3 exd3 19. Qxd3 Ne4 20. Qc2 Bf6 21. g4 g6 22.
Re2 Qe7 23. Bf3 Re8 24. g5 Bg7 25. Kg2 Qf7 26. Rd1 Qe7 27. h4 Rb7 28. Rh1 Kg8
29. h5 Ra7 30. hxg6 hxg6 31. Ree1 Kf7 32. Rh7 Rg8 33. Reh1 Kf8 34. Ne6+ Bxe6
35. dxe6 Qxe6 36. Bxg7+ Rxg7 37. Rxg7 Kxg7 38. Qb2+ Kf8 39. Rh7 1-0

[Event "XXII OPEN INTERNACIONAL CIUTAT DE MONTCADA - Grup "]
[Site "Montcada i Reixac (Barcelona)"]
[Date "2014.06.28"]
[Round "4"]
[Board "16"]
[White "Akshat, Khamparia"]
[Black "Mokal, Amruta Sunil"]
[Result "1-0"]
[WhiteElo "2367"]
[BlackElo "2046"]
[PlyCount "53"]
[EventDate "2014.06.25"]
[EventRounds "9"]
[EventCountry "ESP"]

1. d4 Nf6 2. Bg5 d5 3. e3 c5 4. Bxf6 gxf6 5. c4 dxc4 6. Bxc4 Qb6 7. Nc3 e6 8.
Nge2 Rg8 9. O-O cxd4 10. exd4 Nc6 11. d5 Ne5 12. dxe6 fxe6 13. Bb3 Bd7 14. Rc1
Bh6 15. Rc2 Ke7 16. Ng3 Ng4 17. Nf5+ Ke8 18. Nxh6 Nxh6 19. Qh5+ Rg6 20. Re2 Kf7
21. Rd1 Rd8 22. Red2 Ke7 23. Qe2 Qc6 24. Nd5+ Kf7 25. Nf4 Rg5 26. Rxd7+ Rxd7
27. Bxe6+ 1-0

[Event "XXII OPEN INTERNACIONAL CIUTAT DE MONTCADA - Grup "]
[Site "Montcada i Reixac (Barcelona)"]
[Date "2014.06.28"]
[Round "4"]
[Board "17"]
[White "Burmakin, Vladimir"]
[Black "Sanchez, Sebastian Felipe"]
[Result "1/2-1/2"]
[WhiteElo "2592"]
[BlackElo "2375"]
[PlyCount "91"]
[EventDate "2014.06.25"]
[EventRounds "9"]
[EventCountry "ESP"]

1. Nf3 Nf6 2. c4 e6 3. g3 b6 4. Bg2 Bb7 5. d4 Be7 6. Nc3 O-O 7. O-O Ne4 8. Bd2
f5 9. Qc2 Nxc3 10. Bxc3 Be4 11. Qd2 c5 12. Rfd1 d6 13. Qe3 Nd7 14. dxc5 Nxc5
15. Nd4 e5 16. Nc6 Bg5 17. Qxe4 Nxe4 18. Nxd8 Raxd8 19. Bxe4 fxe4 20. Rd5 Be7
21. Rad1 Kf7 22. a4 Rc8 23. b3 Rc6 24. Kg2 Ke6 25. f3 exf3+ 26. exf3 g5 27. Re1
Rc5 28. Rd3 h5 29. Bd2 Bf6 30. f4 gxf4 31. gxf4 Rf7 32. Bb4 Rc6 33. Rd5 Rg7+
34. Kf3 Rg4 35. Re4 Rh4 36. Bxd6 Rxh2 37. Bxe5 Rh3+ 38. Ke2 Rg3 39. Bxf6+ Kxf6
40. Rxh5 Rxb3 41. Rh6+ Kf5 42. Rxc6 Kxe4 43. a5 bxa5 44. Kd2 Rf3 45. Ra6 Kd4
46. Rxa5 1/2-1/2

[Event "XXII OPEN INTERNACIONAL CIUTAT DE MONTCADA - Grup "]
[Site "Montcada i Reixac (Barcelona)"]
[Date "2014.06.28"]
[Round "4"]
[Board "18"]
[White "Aroshidze, Levan"]
[Black "Dalo, Hermes"]
[Result "1-0"]
[WhiteElo "2565"]
[BlackElo "2235"]
[PlyCount "83"]
[EventDate "2014.06.25"]
[EventRounds "9"]
[EventCountry "ESP"]

1. e4 e5 2. Nf3 Nc6 3. Bb5 a6 4. Ba4 Nf6 5. O-O Be7 6. Re1 b5 7. Bb3 d6 8. c3
O-O 9. h3 Na5 10. Bc2 c5 11. d4 Qc7 12. d5 c4 13. b4 Nb7 14. a4 Bd7 15. Qe2
Rfb8 16. Be3 Nd8 17. Nbd2 Ne8 18. Ra3 f6 19. Rea1 Qc8 20. Nh2 Nf7 21. Qf1 Nc7
22. R1a2 g6 23. Qa1 f5 24. f4 Bf6 25. Nhf3 exf4 26. Bd4 Ne5 27. axb5 Nxb5 28.
Rxa6 Rxa6 29. Rxa6 Nxf3+ 30. Nxf3 Nxd4 31. cxd4 fxe4 32. Bxe4 Be7 33. Rc6 Bxc6
34. dxc6 Rxb4 35. Qa5 d5 36. Qxd5+ Kg7 37. Ne5 Qd8 38. Qf7+ Kh6 39. Ng4+ Kg5
40. Qg7 Kh4 41. Qxh7+ Kg3 42. Nf2 1-0

[Event "XXII OPEN INTERNACIONAL CIUTAT DE MONTCADA - Grup "]
[Site "Montcada i Reixac (Barcelona)"]
[Date "2014.06.28"]
[Round "4"]
[Board "19"]
[White "Narciso Dublan, Marc"]
[Black "Fernandez Cazorla, Antonio"]
[Result "1-0"]
[WhiteElo "2538"]
[BlackElo "2218"]
[PlyCount "103"]
[EventDate "2014.06.25"]
[EventRounds "9"]
[EventCountry "ESP"]

1. d4 d5 2. c4 c6 3. Nf3 Nf6 4. e3 a6 5. Bd3 b5 6. b3 Bg4 7. Nbd2 Nbd7 8. Qc2
Bh5 9. Ne5 Nxe5 10. dxe5 Nd7 11. e6 Ne5 12. exf7+ Kxf7 13. Bb2 dxc4 14. Bxc4+
Nxc4 15. Nxc4 bxc4 16. Qf5+ Kg8 17. Qxh5 Qd5 18. Qxd5+ cxd5 19. bxc4 dxc4 20.
O-O-O h5 21. Rd7 Rc8 22. Rhd1 Rh6 23. Rd8 Rhc6 24. Rxc8 Rxc8 25. Kc2 Kf7 26.
Rd5 g6 27. Bd4 e6 28. Rd7+ Be7 29. Ra7 Rc6 30. f4 h4 31. Kc3 Ke8 32. Ra8+ Kf7
33. Rh8 g5 34. Rh7+ Ke8 35. fxg5 Bxg5 36. Rg7 Be7 37. Rg4 a5 38. h3 Bb4+ 39.
Kc2 Be7 40. a4 Kd7 41. Bc3 Bd8 42. Be1 Bf6 43. Bxh4 Be5 44. Bg3 Bf6 45. Rf4 e5
46. Rf1 e4 47. Be1 c3 48. Rf5 Ke6 49. Rxa5 Rc4 50. Ra6+ Kf7 51. a5 Be5 52. Rb6
 1-0

[Event "XXII OPEN INTERNACIONAL CIUTAT DE MONTCADA - Grup "]
[Site "Montcada i Reixac (Barcelona)"]
[Date "2014.06.28"]
[Round "4"]
[Board "20"]
[White "Capellades Subirana, Marc"]
[Black "Moreno Ruiz, Javier"]
[Result "0-1"]
[WhiteElo "2211"]
[BlackElo "2486"]
[PlyCount "58"]
[EventDate "2014.06.25"]
[EventRounds "9"]
[EventCountry "ESP"]

1. e4 e6 2. d4 d5 3. e5 c5 4. c3 Qb6 5. Bd3 Nc6 6. Nf3 cxd4 7. cxd4 Bd7 8. Nc3
Nxd4 9. Nxd4 Qxd4 10. O-O a6 11. Qe2 Ne7 12. Kh1 Nc6 13. f4 Nb4 14. Bb1 Qc4 15.
Qd1 d4 16. Ne4 d3 17. Nc3 Nc2 18. Bxc2 dxc2 19. Qe1 Bc6 20. Rf2 h5 21. Qe2 Qxe2
22. Rxe2 Rd8 23. Rxc2 h4 24. h3 Rd3 25. Kg1 Rh6 26. a3 Rg6 27. b4 Rxh3 28. Raa2
Rhg3 29. Kh2 h3 0-1